Superautos / (Registro nro. 10420)

Detalles MARC
000 -LEADER
fixed length control field 00653nam a2200241 a 4500
001 - CONTROL NUMBER
control field 0000417
003 - CONTROL NUMBER IDENTIFIER
control field DO-SdBNP
005 - DATE AND TIME OF LATEST TRANSACTION
control field 20160616145711.0
007 - PHYSICAL DESCRIPTION FIXED FIELD--GENERAL INFORMATION
fixed length control field 0000417
008 - FIXED-LENGTH DATA ELEMENTS--GENERAL INFORMATION
fixed length control field 091125s1979 sp a 000 0 spa d
020 ## - INTERNATIONAL STANDARD BOOK NUMBER
International Standard Book Number 8473740602
040 ## - CATALOGING SOURCE
Original cataloging agency BPMSU
Language of cataloging spa
Transcribing agency BPMSU
100 ## - MAIN ENTRY--PERSONAL NAME
Personal name Rutland, Jonathan
245 10 - TITLE STATEMENT
Title Superautos /
Statement of responsibility, etc. Jonathan Rutland ; adaptado por Antonio Zorita García
260 ## - PUBLICATION, DISTRIBUTION, ETC. (IMPRINT)
Place of publication, distribution, etc. Pinto (Madrid) :
Name of publisher, distributor, etc. Lagos,
Date of publication, distribution, etc. 1979.
300 ## - PHYSICAL DESCRIPTION
Extent 32 p. :
Other physical details il. ;
Dimensions 28 cm.
490 1# - SERIES STATEMENT
Series statement El joven ingeniero
700 1# - ADDED ENTRY--PERSONAL NAME
Personal name Zorita García, Antonio
830 #0 - SERIES ADDED ENTRY--UNIFORM TITLE
Uniform title El joven ingeniero
910 ## - USER-OPTION DATA (OCLC)
User-option data
942 ## - ADDED ENTRY ELEMENTS (KOHA)
Source of classification or shelving scheme Dewey Decimal Classification
Koha item type Libros
956 ## - LOCAL ELECTRONIC LOCATION AND ACCESS (OCLC)
Host name Yngrid Lockward
Access number 10
Existencias
Withdrawn status Lost status Source of classification or shelving scheme Damaged status Not for loan Collection code Home library Current library Date acquired Source of acquisition Total Checkouts Barcode Date last seen Price effective from Koha item type
    Dewey Decimal Classification     Colección General Biblioteca Pública Metropolitana Salomé Ureña Biblioteca Pública Metropolitana Salomé Ureña 06/16/2016 FUNDI   BPMSU16060228 06/16/2016 06/16/2016 Libros